000 00381nam a22001577a 4500
003 OSt
008 250129b |||||||| |||| 00| 0 eng d
020 _a9789355324900
082 _a0004.6
_bFOC
100 _aFOROUZAN, Behrouz A
245 _aComputer Networks A Top Down Approach
250 _a2nd Reprint
260 _aNew Delhi
_bTMH
_c2023
300 _a931
942 _2ddc
_cBK
999 _c13052
_d13052